Agrarmarktprobleme in Osteuropa.

Reforma poľnohospodárstva vo východnej Európe. Prechod k trhu si vyžaduje vyriešenie vlastníckych práv, existenciu obchodného zákonníka, tovarové burzy, poisťovnícky a úverový trh, efektívny informačný systém, výskum, vývoj a poradenstvo. Problém reprivatizácie. Východoeurópske poľnohospodárstvo - p...

Celý popis

Uložené v:
Podrobná bibliografia
Hlavný autor: Buchholz, H.E
Médium: Kapitola
Jazyk:German
Predmet:
Tagy: Pridať tag
Žiadne tagy, Buďte prvý, kto otaguje tento záznam!

MARC

LEADER 00000naa a2200000 4500
001 r008487
005 20221208122241.4
041 0 |a ger 
044 |a DE 
245 1 0 |a Agrarmarktprobleme in Osteuropa.  |c H.E. Buchholz 
520 |a Reforma poľnohospodárstva vo východnej Európe. Prechod k trhu si vyžaduje vyriešenie vlastníckych práv, existenciu obchodného zákonníka, tovarové burzy, poisťovnícky a úverový trh, efektívny informačný systém, výskum, vývoj a poradenstvo. Problém reprivatizácie. Východoeurópske poľnohospodárstvo - potenciálny konkurent západoeurópskeho agrárneho sektoru. 
610 2 0 |a poľnohospodárstvo 
610 2 0 |a trh 
610 2 0 |a východná Európa 
610 2 0 |a reprivatizácia 
610 2 0 |a výrobky poľnohospodárske 
610 2 0 |a reformy pozemkové 
610 2 0 |a stratégia hospodárska 
100 1 |a Buchholz, H.E.